Strategie Six Sigma

Prehľad definícií a obsah pojmu Six Sigma. Six Sigma ako podnikateľský proces. Stratégia Six Sigma. Informácia o článkoch uverejnených v Moderním řízení k téme Six Sigma.

Salvato in:
Dettagli Bibliografici
Natura: Capitolo di libro
Lingua:ceco
Soggetti:
Tags: Aggiungi Tag
Nessun Tag, puoi essere il primo ad aggiungerne!!

MARC

LEADER 00000naa$a2200000$$$4500
001 0005849
005 20231106121518.9
041 0 |a cze 
044 |a CZ 
245 1 0 |a Strategie Six Sigma 
520 |a Prehľad definícií a obsah pojmu Six Sigma. Six Sigma ako podnikateľský proces. Stratégia Six Sigma. Informácia o článkoch uverejnených v Moderním řízení k téme Six Sigma. 
610 2 0 |a podnikanie 
610 2 0 |a technológie informačné 
610 2 0 |a technológie komunikačné 
610 2 0 |a zisk 
610 2 0 |a zákazníci 
610 2 0 |a kultúra podniková